Jala Brat and Buba Corelli Collabs - Statistics

General Stats
  • This quiz has been taken 21 times
    11 since last reset
  • The average score is 18 of 44
Answer Stats
Times Artist Country % Correct
4 Devito Serbia
100%
1 Gims France
90%
5 RAF Camora Austria
90%
7 Elena Serbia
80%
5 Maya Berovic Bosnia and Herzegovina
80%
1 Rick Ross United States
80%
3 Sajfer Bosnia and Herzegovina
80%
3 Severina Croatia
80%
1 Teodora Serbia
80%
3 Coby Serbia
70%
3 Hava Germany
70%
5 Klijent Bosnia and Herzegovina
70%
4 Los Sin Bosnia and Herzegovina
70%
3 Rasta Serbia
60%
1 Senidah Slovenia
60%
1 Baby Gang Italy
50%
3 Igor Buzov Bosnia and Herzegovina
50%
1 Medi Bosnia and Herzegovina
50%
1 Tory Lanez Canada
50%
1 Dado Polumenta Montenegro
40%
1 Light Greece
40%
1 Pyrex Italy
40%
1 Dardan Germany
30%
2 Milan Stankovic Serbia
30%
1 Noizy Albania
30%
1 Psiha Delikvento Bosnia and Herzegovina
30%
1 Bounty & Cocoa Germany
20%
1 C-Kan Mexico
20%
1 Ghetto Phenomene France
20%
1 Kalash Criminel France
20%
1 Maja Majami Bosnia and Herzegovina
20%
1 Naida Beslagic Bosnia and Herzegovina
20%
1 Olexesh Germany
20%
2 Fox Serbia
10%
1 Makk Bosnia and Herzegovina
10%
1 MC Hariel Brazil
10%
1 SMA Bosnia and Herzegovina
10%
1 Tanjo Bosnia and Herzegovina
10%
1 Vuk Mob Serbia
10%
1 Arma Bosnia and Herzegovina
0%
2 Destro Bosnia and Herzegovina
0%
1 Djare Serbia
0%
1 Laki Kes Skorpion Serbia
0%
2 Mikan Bosnia and Herzegovina
0%
No matching quizzes found
Score Distribution
Percent of People with Each Score
Percentile by Number Answered
Your Score History
You have not taken this quiz since the last reset